Spanish Vocab by Category - House and Furniture - Statistics

General Stats
  • This quiz has been taken 458 times
    456 since last reset
  • The average score is 25 of 48
Answer Stats
Hint Answer % Correct
Bathroom Baño
92%
House Casa
90%
Bed Cama
85%
Kitchen Cocina
85%
Door Puerta
81%
Table Mesa
80%
Radio Radio
78%
Television Televisión
78%
Chair Silla
77%
Light Luz
76%
Window Ventana
75%
Apartment Apartamento
73%
Shower Ducha
73%
Bedroom Dormitorio
67%
Floor Piso
66%
Living Room Sala
65%
Couch Sofá
65%
Wall Pared
63%
Room Cuarto / Habitación
57%
Garbage Basura
56%
Desk Escritorio
54%
Soap Jabón
54%
Neighbor Vecino
54%
Dining Room Comedor
53%
Roof Techo
53%
Oven Horno
51%
Umbrella Paraguas
50%
Refrigerator Refrigerador / Heladera
49%
Brush Cepillo
46%
Home Hogar
42%
Stairs Escaleras
39%
Dryer Secadora
39%
Dishwasher Lavaplatos / Lavavajillas
36%
Closet Armario
35%
Microwave Microondas
35%
Bathtub Bañera
34%
Washer Lavadora / Lavarropas
34%
Sheet Sábana
32%
Stove Estufa
30%
Pan Sartén
28%
Blanket Manta
27%
Freezer Congelador
26%
Sink Fregadero / Lavabo
24%
Basement Sótano
23%
Hallway Vestíbulo
18%
Razor Rasuradora / Afeitadora
10%
Dresser Tocador
9%
Flat roof Azotea
5%
No matching quizzes found
Score Distribution
Percent of People with Each Score
Percentile by Number Answered
Your Score History
You have not taken this quiz since the last reset